Name a Major African City A-Z - Statistics

General Stats
  • This quiz has been taken 222 times
  • The average score is 14 of 21
Answer Stats
Letter City % Correct
A Alexandria | Abidjan | Accra | Algiers | Addis Ababa | Abuja | Antananarivo | Agadir | Aba
99%
C Cairo | Casablanca | Cape Town | Conakry | Cotonou
99%
L Lagos | Luanda | Lusaka | Lubumbashi | Lome | Lilongwe
93%
D Dar es Salaam | Dakar | Durban | Douala
91%
K Kinshasa | Khartoum | Kano | Kampala | Kumasi | Kaduna | Kananga | Kigali | Kisangani
91%
N Nairobi | N'Djamena | Niamey | Nouakchott
91%
B Bamako | Brazzaville | Benin City | Benguela | Bangui | Banjul
87%
J Johannesburg | Jos
86%
M Maputo | Mbuji-Mayi | Mogadishu | Monrovia | Mombasa | Maiduguri | Marrakesh
86%
T Tunis | Tripoli | Tangier | Touba
79%
F Freetown | Fes
75%
H Harare
71%
R Rabat
69%
O Ouagadougou | Oran | Onitsha
64%
Y Yaounde
60%
P Port Harcourt | Port Elizabeth | Pointe-Noire
47%
I Ibadan | Ilorin
43%
S Sousse
16%
E Enugu
10%
W Warri
8%
Z Zaria
8%
No matching quizzes found
Score Distribution
Percent of People with Each Score
Percentile by Number Answered
Your Score History
You have not taken this quiz